Statistics for African Countries with the Fewest Borders

Click here to take the quiz!

General Stats

  • This quiz has been taken 140 times
    (132 since last reset)
  • The average score is 13 of 14

Answer Stats

Answer% Correct
No BordersCape Verde
100%
No BordersMadagascar
100%
One BorderLesotho
99%
No BordersSeychelles
99%
No BordersMauritius
98%
No BordersSão Tomé and Príncipe
98%
No BordersComoros
97%
One BorderGambia
97%
Two BordersEswatini
96%
Two BordersTunisia
93%
Two BordersEquatorial Guinea
88%
Two BordersGuinea-Bissau
83%
Two BordersMorocco
77%
Two BordersSierra Leone
72%

Score Distribution

Percentile by Number Answered

Percent of People with Each Score

Your Score History

You have not taken this quiz since the last reset